KOHA-Header-6

Research Methodology and Basic Biostatistics (Record no. 1204)

000 -LEADER
fixed length control field 00313nam a2200121Ia 4500
008 - FIXED-LENGTH DATA ELEMENTS--GENERAL INFORMATION
fixed length control field 190722s9999 xx 000 0 und d
020 ## - INTERNATIONAL STANDARD BOOK NUMBER
International Standard Book Number 978-969-637-083-3
100 ## - MAIN ENTRY--PERSONAL NAME
Personal name Saira Afzal
245 #0 - TITLE STATEMENT
Title Research Methodology and Basic Biostatistics
260 ## - PUBLICATION, DISTRIBUTION, ETC. (IMPRINT)
Place of publication, distribution, etc Karachi
Name of publisher, distributor, etc Paramount
Date of publication, distribution, etc 2015
300 ## - PHYSICAL DESCRIPTION
Extent 179
942 ## - ADDED ENTRY ELEMENTS (KOHA)
Koha item type Books
Holdings
Withdrawn status Lost status Damaged status Not for loan Permanent Location Current Location Shelving location Date acquired Full call number Barcode Date last seen Price effective from Koha item type
        MAJU MAJU Shelf No.A36 2019-07-22 570.72 7829 2019-07-22 2019-07-22 Bio Science

Powered by Koha